000 00617nam a2200193 i 4500
001 55927
003 ES-MaACL
005 20230906163240.0
007 t|
008 030930s1982 sp ||||1| spa d
100 1 _aDíaz Díaz, J. L.
_944265
245 1 3 _aLa física en problemas
_b: las magnitudes físicas /
_cJ.L. Díaz Díaz, J.M. Jiménez Moreno, M. López Rodríguez.
250 _a[1ª ed.].
260 _a[Madrid] :
_bAlhambra,
_c[1982]
300 _aVIII, 382 p. ;
_c24 cm.
700 1 _aJiménez Moreno, J. L.
_966571
700 1 _aLópez Rodríguez, M.
_973932
852 _aES-MaACL
_jL-1797
_bR.102483
999 _c55927
_d55927